| 000 | 00446nam a2200157Ia 4500 | ||
|---|---|---|---|
| 008 | 151021s9999 xx 000 0 und d | ||
| 020 | _a9.7881312186e+012 | ||
| 050 | _aQA241.672007 | ||
| 245 | _a_Elementary Number Theory with Applications (2nd ed) | ||
| 250 | _a2nd Ed. | ||
| 260 | _aUSA Academic press 2007 | ||
| 300 | _axxi,771p. | ||
| 500 | _aincludes index | ||
| 650 | _a_Elementary number | ||
| 980 | _a^d20110118 10:49:00^okilerai | ||
| 999 |
_c5592 _d5592 |
||